000 00266pam a2200121 a 4500
020 _c
041 _aeng
100 _aFearnisiden.
245 _aGeology In The Semmar
_hTextual Documents
260 _aNew York
_bPenguin Books Ltd
300 _a164p.
930 _a15309
999 _c92209
_d92209